Teaching science in elementary and middle school : a project-based approach
Αποθηκεύτηκε σε:
| Κύριος συγγραφέας: | |
|---|---|
| Άλλοι συγγραφείς: | |
| Μορφή: | Βιβλίο |
| Γλώσσα: | English |
| Δημοσίευση: |
New York, London :
Routledge,
2014
|
| Έκδοση: | 4η έκδ. |
| Θέματα: | |
| Ετικέτες: |
Προσθήκη ετικέτας
Δεν υπάρχουν, Καταχωρήστε ετικέτα πρώτοι!
|
MARC
| LEADER | 00000nam a2200000 i 4500 | ||
|---|---|---|---|
| 001 | 1/56288 | ||
| 008 | 140917s2007 eng d | ||
| 020 | |a 978-0-415-53405-5 (pbk) | ||
| 035 | |l 10119155 | ||
| 040 | |a GR-MY-UA |b gre |e aacr | ||
| 041 | 0 | |a eng | |
| 082 | 0 | |a 372.35 |2 (23) | |
| 100 | 1 | |a Krajcik, Joseph S. | |
| 245 | 1 | 0 | |a Teaching science in elementary and middle school : |b a project-based approach / |c Joseph S. Krajcik και Charlene M. Czerniak |
| 250 | |a 4η έκδ. | ||
| 260 | |a New York, London : |b Routledge, |c 2014 | ||
| 300 | |a xvi, 403 σ.; |c 25 εκ. | ||
| 504 | |a Περιλαμβάνει βιβλιογραφικές παραπομπές και ευρετήριο | ||
| 650 | 0 | 0 | |a Science |x Study and teaching. |
| 650 | 0 | 0 | |a Science |x Study and teaching (Elementary) |
| 650 | 0 | 0 | |a Science |x Methodology |x Study and teaching (Elementary) |
| 700 | 1 | |a Czerniak, Charlene M. | |
| 852 | |a INST |b RHODES |e 20140917 |h 372.35 KRA |p 005400036800 |q 005400036800 |t BK |y 0 | ||
| 901 | |a BIBL4-2014-3 | ||
| 909 | |a Ρ |b 189363 | ||
| 922 | |a 4ΕΛΗ |b 201405 |c ΤΑΚ/ΠΤΔΕ |d ΔΙΑΔΡΟΜΕΣ | ||
| 970 | |z 2014/09/17 | ||